God And My Imperfections: (Record no. 202787)

MARC details
000 -LEADER
fixed length control field 00677nam a22001937a 4500
005 - DATE AND TIME OF LATEST TRANSACTION
control field 20240514105119.0
010 ## - LCCN (DPL NO)
LC control number ENG-140324
020 ## - INTERNATIONAL STANDARD BOOK NUMBER
Terms of availability 250.00
International Standard Book Number 9788119664719
035 ## - SYSTEM CONTROL NUMBER
System control number EN-123856
037 ## - SOURCE OF ACQUISITION
Source of stock number/acquisition DBAD
082 ## - DEWEY DECIMAL CLASSIFICATION NUMBER
Classification number 280
100 ## - MAIN ENTRY--PERSONAL NAME
Personal name Sankarathil, John
245 ## - TITLE STATEMENT
Title God And My Imperfections:
Remainder of title A Call To Spiritual Empowerment/
Statement of responsibility, etc By John Sankarathil
260 ## - PUBLICATION, DISTRIBUTION, ETC. (IMPRINT)
Place of publication, distribution, etc Bengaluru
Name of publisher, distributor, etc ATC Publishers
Date of publication, distribution, etc 2024
270 ## - ADDRESS
Address St. Mary's Block, No 5, Nandidurga Road Benson Town,
-- Unit of Holy Redeemer Foundation 8 John Armstrong Road
City Bengaluru
Postal code 560046
300 ## - PHYSICAL DESCRIPTION
Extent 180p.:
Dimensions 21cm(pb)
700 ## - ADDED ENTRY--PERSONAL NAME
9 (RLIN) 65564
Personal name Sankarathil, John
942 ## - ADDED ENTRY ELEMENTS (KOHA)
Source of classification or shelving scheme Dewey Decimal Classification
Item type English Books
Classification part 280
Call number suffix SAN
Holdings
Withdrawn status Lost status Not for loan Collection code Home library Current library Date acquired Source of acquisition Cost, normal purchase price Full call number Barcode Copy number Cost, replacement price Koha item type
      Non-fiction Ashok Vihar Ashok Vihar 09/05/2024 DBAD 250.00 280 SAN EN-123856 1 250.00 English Books

© Delhi Public Library
Hit Counter
free hit counter